000 00721nam a2200205 a 4500
001 000376135
003 AM-YeHGA
005 20250618072307.0
008 041101s1939 ai 000 | arm d
040 _aAM-YeHGA
041 0 _aarm
100 1 _aՄիրոշնիչենկո, Գ.
245 1 0 _aՅերիտբանակ /
_cԳ. Միրոշնիչենկո; Խմբ.՝ Հ. Հայրապետյան.
260 _aՅերևան :
_bՊետհրատ,
_c1939.
300 _a258 էջ ;
_c20 սմ.
440 0 _aԴպրոցական գրադարան
_95151
650 1 4 _aՌուս մանկական գրականություն
_xՎեպ
700 1 _aՀայրապետյան, Հայրապետ Սարդարի,
_d1874-1962
_91697
090 _c145136
999 _c143755
_d143755